ESRB Ratings - Statistics

General Stats
  • This quiz has been taken 18 times
  • The average score is 5 of 5
Answer Stats
Abbreviation Rating % Correct
T Teen
100%
E Everyone
93%
M Mature
93%
AO Adults Only
86%
E10+ Everyone 10+
86%
No matching quizzes found
Score Distribution
Percent of People with Each Score
Percentile by Number Answered
Your Score History
You have not taken this quiz